书目信息 |
| 书名: | Dictionary of organic compounds | |
| 作者: | ||
| 分册号: | ||
| 分册名: | eighth Supplement : | 出版地: | London : |
|
| 出版社: | Eyre & Spottiswoode | |
| 出版时间: | 1971. | |
| 页数: | 288 p. : | |
| 开本: | 27 cm. | |
| 丛书名: | ||
| 中图分类号: | ||
| 科图分类号: | ||
| 其他分类号: | O622-61 | |
| 主题词: | ||
| 电子资源: | ||
| 000 | 01261nas 2200313I1 4504 | |
| 001 | E0759415831 | |
| 005 | 20070725093109.85 | |
| 008 | 7606201971 9nyuar2 0uuua0eng u | |
| 010 | @asn 84001037 | |
| 022 | 0 | @a0264-1100. |
| 040 | @cMUL@dHUL@dIUL@dNYG@dIUL@dNSD@dOCL@dNSD@dDLC | |
| 042 | @axlc | |
| 090 | @aP440.42/W6/SUPPL | |
| 090 | @aO622-61 | |
| 099 | @dO622-61@ex13:8=4 | |
| 130 | 0 | @aDictionary of organic compounds (1964). Supplement. |
| 210 | 0 | @aDict. org. compd., Suppl. |
| 222 | 00 | @aDictionary of organic compounds. Supplement. |
| 245 | 00 | @aDictionary of organic compounds.@peighth Supplement :@bthe constitution and physical, chemical and other properties of the principal carbon compounds and their derivatives, together with relevant literature references. |
| 250 | @a4th ed. | |
| 260 | 00 | @aLondon :@bEyre & Spottiswoode,@c1971. |
| 300 | @a288 p. :@bill. ;@c27 cm. | |
| 310 | @aAnnual. | |
| 362 | 0 | @a1st-15th. |
| 500 | @aDescription based on: 11th. | |
| 500 | @aSupplement to: Dictionary of organic compounds. 4th ed. | |
| 650 | 0 | @aChemistry, Organic@xDictionaries@xPeriodicals. |
| 650 | 0 | @aChemistry, Organic@xBibliography@xPeriodicals. |
| 650 | 0 | @aChemistry@xDictionaries@xPeriodicals. |
| Dictionary of organic compounds.. eighth Supplement : : the constitution and physical, chemical and other properties of the principal carbon compounds and their derivatives, together with relevant literature references.-4th ed.-London : : Eyre & Spottiswoode, , 1971. |
| 288 p. : : ill. ; ; 27 cm. |
| Description based on: 11th.-Supplement to: Dictionary of organic compounds. 4th ed. |
| ISBN |
| ● |
| 相关链接 |
|
|
|
|
正题名:Dictionary of organic compounds
索取号:O622-61/x13:8=4
 
预约/预借
| 序号 | 登录号 | 条形码 | 馆藏地/架位号 | 状态 | 备注 |
| 1 | 22383 | 300135743 | 第二样本阅览室/ [索取号:O622-61/x13:8=4] | 在馆 |